00462nam a2200181 a 450000100060000000300090000600800410001502000150005604000280007108200190009910000220011824500290014025000060016926000520017530000110022765000200023865000220025819185CO-ViMGA141112s2004 ck r 000 u spa d a9701019122 aCO-ViMGAbspacCO-ViMGA04a636.0892 C855f1 aCunningham, James10aFisiología veterinaria a2 aMexico : bMcGraw - Hill InterAméricana; 1997 a763 p.14aANATOMIA ANIMAL14aFISIOLOGIA ANINAL